000 00471 a2200181 4500
001 112934
020 _a9788576651536
041 _apor
090 _aYear 5 [E]
100 _aFalcão, Adriana.
250 _a. ed.
697 _aCrônicas brasileiras
856 _u000022/000022db.jpg
040 _aBR-BrIDEA
_cBR-BrIDEA
245 1 0 _aO homem que só tinha certezas e outras crônicas
_c Adriana Falcão
260 _a[S.l.]
_bPlaneta do Brasil
_c2006
942 _cBK
999 _c112934
_d112934